000 00655nam a2200217Ii 4500
003 JO-AjNU
008 230606s9999||||xx |||||||||||||| ||und||
020 _a0-13-316332-6
040 _aJO-AjNU
_beng
_erda
_cJO-AjNU
041 _aeng
050 1 4 _aHF5681.B2.F64 1986
100 3 _aFoster,George,
_eauthor
_93068
245 0 0 _aFinancial Statement Analysis
250 _a2 ed
264 3 1 _aNew Jersey: Prentice-Hall International ,1986
300 _a625p
_b Includes indexes(p611-625)
336 _atext
_btxt
_2rdacontent
337 _aunmediated
_bn
_2rdamedia
338 _avolume
_bnc
_2rdacarrier
650 4 _aFinancial Statement Analysis
_93069
999 _aE1609
_c1609
_d1609